<?xml version="1.0" encoding="UTF-8"?>
<record
    xmlns:xsi="http://www.w3.org/2001/XMLSchema-instance"
    xsi:schemaLocation="http://www.loc.gov/MARC21/slim http://www.loc.gov/standards/marcxml/schema/MARC21slim.xsd"
    xmlns="http://www.loc.gov/MARC21/slim">

  <leader>00755nam a22002057a 4500</leader>
  <controlfield tag="005">20251010101624.0</controlfield>
  <controlfield tag="008">251008b        |||||||| |||| 00| 0 eng d</controlfield>
  <datafield tag="040" ind1=" " ind2=" ">
    <subfield code="c">AL</subfield>
  </datafield>
  <datafield tag="041" ind1=" " ind2=" ">
    <subfield code="a">Konkani/Devanagari</subfield>
  </datafield>
  <datafield tag="082" ind1=" " ind2=" ">
    <subfield code="a">891.461</subfield>
    <subfield code="b">QUAF</subfield>
  </datafield>
  <datafield tag="100" ind1=" " ind2=" ">
    <subfield code="a">Valley Quadros Ed</subfield>
    <subfield code="9">241978</subfield>
  </datafield>
  <datafield tag="100" ind1=" " ind2=" ">
    <subfield code="d">&#xCB5;&#xCB2;&#xCCD;&#xCB2;&#xCBF; &#xC95;&#xCCD;&#xCB5;&#xCBE;&#xCA1;&#xCCD;&#xCB0;&#xCCB;&#xCB8;&#xCCD; Ed</subfield>
    <subfield code="9">241690</subfield>
  </datafield>
  <datafield tag="245" ind1=" " ind2=" ">
    <subfield code="a">Fulamturo</subfield>
    <subfield code="b">&#xCAB;&#xCC1;&#xCB2;&#xCBE;&#xC82;&#xCA4;&#xCC1;&#xCB0;&#xCCA;</subfield>
  </datafield>
  <datafield tag="260" ind1=" " ind2=" ">
    <subfield code="a">Mangalore</subfield>
    <subfield code="b">Ashavadi Prakashan</subfield>
    <subfield code="c">2025</subfield>
  </datafield>
  <datafield tag="650" ind1=" " ind2=" ">
    <subfield code="a">Konkani Poetry</subfield>
    <subfield code="9">241691</subfield>
  </datafield>
  <datafield tag="650" ind1=" " ind2=" ">
    <subfield code="a">Konkani Literature</subfield>
    <subfield code="9">241692</subfield>
  </datafield>
  <datafield tag="650" ind1=" " ind2=" ">
    <subfield code="a">Compilation Written by Various Poets</subfield>
    <subfield code="9">241693</subfield>
  </datafield>
  <datafield tag="650" ind1=" " ind2=" ">
    <subfield code="a">&#xCAB;&#xCC1;&#xCB2;&#xCBE;&#xC82;&#xCA4;&#xCC1;&#xCB0;&#xCCA; : &#xC95;&#xCCA;&#xC82;&#xC95;&#xCA3;&#xCBF; &#xC95;&#xCB5;&#xCAF;&#xCA4;&#xCCD;&#xCB0;&#xCBF;&#xCE6;&#xC9A;&#xCC6;&#xCE6; &#xC95;&#xCB5;&#xCBF;&#xCA4;&#xCBE; &#xCB8;&#xC82;&#xC95;&#xCB2;&#xCA8;&#xCCD;</subfield>
    <subfield code="9">241979</subfield>
  </datafield>
  <datafield tag="942" ind1=" " ind2=" ">
    <subfield code="2">ddc</subfield>
    <subfield code="c">BK</subfield>
  </datafield>
  <datafield tag="999" ind1=" " ind2=" ">
    <subfield code="c">240522</subfield>
    <subfield code="d">240522</subfield>
  </datafield>
  <datafield tag="952" ind1=" " ind2=" ">
    <subfield code="0">0</subfield>
    <subfield code="1">0</subfield>
    <subfield code="2">ddc</subfield>
    <subfield code="4">0</subfield>
    <subfield code="7">0</subfield>
    <subfield code="8">KON</subfield>
    <subfield code="a">AL</subfield>
    <subfield code="b">AL</subfield>
    <subfield code="c">SSS</subfield>
    <subfield code="d">2025-10-03</subfield>
    <subfield code="e">Ashawadi Prakashana, Maharashtra-400701</subfield>
    <subfield code="g">160.00</subfield>
    <subfield code="l">0</subfield>
    <subfield code="o">891.461 QUAF</subfield>
    <subfield code="p">077901</subfield>
    <subfield code="r">2025-10-08 10:24:18</subfield>
    <subfield code="v">200.00</subfield>
    <subfield code="w">2025-09-30</subfield>
    <subfield code="y">BK</subfield>
  </datafield>
  <datafield tag="952" ind1=" " ind2=" ">
    <subfield code="0">0</subfield>
    <subfield code="1">0</subfield>
    <subfield code="2">ddc</subfield>
    <subfield code="4">0</subfield>
    <subfield code="7">0</subfield>
    <subfield code="8">KON</subfield>
    <subfield code="a">AL</subfield>
    <subfield code="b">AL</subfield>
    <subfield code="c">SSS</subfield>
    <subfield code="d">2025-10-03</subfield>
    <subfield code="e">Ashawadi Prakashana, Maharashtra-400701</subfield>
    <subfield code="g">160.00</subfield>
    <subfield code="l">0</subfield>
    <subfield code="o">891.461 QUAF</subfield>
    <subfield code="p">077902</subfield>
    <subfield code="r">2025-10-08 10:24:18</subfield>
    <subfield code="v">200.00</subfield>
    <subfield code="w">2025-09-30</subfield>
    <subfield code="y">BK</subfield>
  </datafield>
  <datafield tag="952" ind1=" " ind2=" ">
    <subfield code="0">0</subfield>
    <subfield code="1">0</subfield>
    <subfield code="2">ddc</subfield>
    <subfield code="4">0</subfield>
    <subfield code="7">0</subfield>
    <subfield code="8">KON</subfield>
    <subfield code="a">AL</subfield>
    <subfield code="b">AL</subfield>
    <subfield code="c">SK</subfield>
    <subfield code="d">2025-10-03</subfield>
    <subfield code="e">Ashawadi Prakashana, Maharashtra-400701</subfield>
    <subfield code="g">160.00</subfield>
    <subfield code="l">0</subfield>
    <subfield code="o">891.461 QUAF</subfield>
    <subfield code="p">077903</subfield>
    <subfield code="r">2025-10-08 10:24:18</subfield>
    <subfield code="v">200.00</subfield>
    <subfield code="w">2025-09-30</subfield>
    <subfield code="y">BK</subfield>
  </datafield>
</record>
